Monitoring and evaluation of HIV/AIDS health education and promotion in Kuala Lumpur /
Saved in:
| Main Author: | |
|---|---|
| Format: | Thesis Book |
| Language: | English |
| Published: |
2004.
|
| Subjects: | |
| Tags: |
Add Tag
No Tags, Be the first to tag this record!
|
| LEADER | 01115cam a2200253 a 4500 | ||
|---|---|---|---|
| 001 | u700837 | ||
| 003 | SIRSI | ||
| 008 | 050110s2004 my t 000 0 eng m | ||
| 040 | |a UMM | ||
| 043 | |a a-my--- | ||
| 090 | |a HV40 |b UM 2004 Chu | ||
| 100 | 1 | 0 | |a Chukwudozie, Ezeanya Andrew. |
| 245 | 1 | 0 | |a Monitoring and evaluation of HIV/AIDS health education and promotion in Kuala Lumpur / |c Ezeanya Andrew Chukwudozie. |
| 260 | |c 2004. | ||
| 300 | |a xv, 215 leaves : |b ill. ; |c 30 cm. | ||
| 502 | |a Dissertation (M.A.) -- Jabatan Pentadbiran dan Keadilan Sosial, Fakulti Sastera dan Sains Sosial, Universiti Malaya, 2004. | ||
| 504 | |a Bibliography: leaves 212-214. | ||
| 650 | 0 | |a HIV infections |z Malaysia |x Prevention | |
| 650 | 0 | |a AIDS (Disease) |z Developing countries |x Prevention |z Malaysia |x Prevention | |
| 650 | 0 | |a Health education |z Kuala Lumpur (W.P.) | |
| 710 | 2 | 0 | |a Universiti Malaya. |b Jabatan Pentadbiran dan Keadilan Sosial. |
| 856 | |f IARC:A511953247 |z Click Here for Abstract and Table of Contents | ||
| 596 | |a 1 | ||
| 999 | |a HV40 UM 2004 CHU |w LC |c 1 |i A511705292 |d 1/6/2005 |f 1/6/2005 |g 1 |l STACKS |m P01UTAMA |r Y |s Y |t TESIS |u 10/1/2005 | ||
